[Event "COL-ch"]
[Site "Boyaca"]
[Date "2022.08.19"]
[Round "6"]
[White "Oliveros Matamoros, David Alejandro"]
[Black "Suaza Builes, Oscar A"]
[Result "0-1"]
[WhiteElo "1600"]
[BlackElo "1434"]
[PlyCount "34"]
[EventDate "2022.08.17"]
[EventType "swiss"]
[EventRounds "9"]
[EventCountry "COL"]
[SourceTitle "CBM 210 Extra"]
[Source "ChessBase"]
[SourceDate "2022.11.30"]
[SourceVersion "1"]
[SourceVersionDate "2022.11.30"]
[SourceQuality "1"]

1. f4 d5 2. e3 Bf5 3. b3 e6 4. Bb2 Nf6 5. Nf3 Nbd7 6. c4 c6 7. Be2 Ne4 8. d3 Bb4+ 9. Nbd2 Bxd2+ 10. Nxd2 Qh4+ 11. g3 Nxg3 12. Nf3 Qh6 13. Rg1 Nxe2 14. Qxe2 Nf6 15. 0-0-0 Bg4 16. Rg2 Qh5 17. Rf1 0-0-0 0-1

[Event "COL-chT"]
[Site "Medellin"]
[Date "2021.12.09"]
[Round "1.4"]
[White "Toro Castaneda, Miguel Angel"]
[Black "Suaza Builes, Oscar A"]
[Result "1-0"]
[WhiteElo "1937"]
[BlackElo "1378"]
[PlyCount "65"]
[EventDate "2021.12.09"]
[EventType "team-swiss"]
[EventRounds "6"]
[EventCountry "COL"]
[SourceTitle "CBM 205 Extra"]
[Source "ChessBase"]
[SourceDate "2022.01.31"]
[SourceVersion "1"]
[SourceVersionDate "2022.01.31"]
[SourceQuality "1"]
[WhiteTeam "Liga de Antioquia II"]
[BlackTeam "Antioquia Polijic"]
[WhiteTeamCountry "COL"]
[BlackTeamCountry "COL"]

1. e4 d5 2. exd5 Nf6 3. Bb5+ c6 4. dxc6 bxc6 5. Be2 Bf5 6. Nf3 e6 7. d3 h6 8. Be3 Bd6 9. Nbd2 Nbd7 10. Nd4 Qc7 11. Nxf5 exf5 12. Nc4 Be7 13. 0-0 0-0 14. Bf3 Rab8 15. Qc1 Rbc8 16. Re1 Rfe8 17. Bf4 Qd8 18. Bd6 Nf8 19. Bxe7 Rxe7 20. Qf4 Rxe1+ 21. Rxe1 Qd7 22. Nd6 Ng6 23. Qxf5 Qxf5 24. Nxf5 Rc7 25. g3 Nf8 26. Re7 N8d7 27. Nd6 Nd5 28. Bxd5 cxd5 29. Rxf7 g6 30. c4 dxc4 31. dxc4 a6 32. c5 Rb7 33. c6 1-0

[Event "COL Subzt 2.3.4"]
[Site "Risarald"]
[Date "2021.11.25"]
[Round "4"]
[White "Borre Meza, Orlando David"]
[Black "Suaza Builes, Oscar A"]
[Result "1-0"]
[WhiteElo "1557"]
[BlackElo "1370"]
[PlyCount "88"]
[EventDate "2021.11.23"]
[EventType "swiss"]
[EventRounds "9"]
[EventCountry "COL"]
[SourceTitle "CBM 205 Extra"]
[Source "ChessBase"]
[SourceDate "2022.01.31"]
[SourceVersion "1"]
[SourceVersionDate "2022.01.31"]
[SourceQuality "1"]

1. d4 d5 2. c4 c6 3. Nf3 Bf5 4. Nc3 e6 5. e3 Bd6 6. cxd5 exd5 7. Bd3 Bxd3 8. Qxd3 Nf6 9. 0-0 Nbd7 10. b3 0-0 11. Bb2 h6 12. Rac1 Re8 13. Nd2 a6 14. g3 Nf8 15. Kg2 N8h7 16. f4 Qd7 17. Nf3 Ne4 18. Nd2 Nhf6 19. Ndxe4 Nxe4 20. Na4 Qe7 21. Rf3 Rac8 22. Nc5 Ra8 23. Qc2 Nf6 24. Nd3 Ne4 25. Nf2 Qd7 26. Nxe4 Rxe4 27. Rcf1 Rae8 28. Qd3 Qf5 29. h3 h5 30. Kh2 R8e6 31. Bc1 Rg6 32. Rg1 b5 33. Rf2 c5 34. dxc5 Bxc5 35. Rc2 Bb6 36. Rf2 Rge6 37. Rfg2 Qh7 38. Qxd5 Bxe3 39. Bxe3 Rxe3 40. Rd1 Qg6 41. f5 Qf6 42. fxe6 Rxe6 43. Qd8+ Qxd8 44. Rxd8+ Kh7 1-0

[Event "Medellin Luces op"]
[Site "Medellin"]
[Date "2020.12.15"]
[Round "7"]
[White "Luna Uribe, Rafael"]
[Black "Suaza Builes, Oscar A"]
[Result "0-1"]
[WhiteElo "1216"]
[BlackElo "1421"]
[PlyCount "28"]
[EventDate "2020.12.12"]
[EventType "swiss"]
[EventRounds "7"]
[EventCountry "COL"]
[SourceTitle "CBM 199 Extra"]
[Source "ChessBase"]
[SourceDate "2021.01.31"]
[SourceVersion "1"]
[SourceVersionDate "2021.01.31"]
[SourceQuality "1"]

1. d4 d5 2. c4 Nf6 3. Nc3 dxc4 4. e3 Nbd7 5. Bxc4 Nb6 6. Bb5+ c6 7. Bd3 Bg4 8. Nf3 e6 9. 0-0 Be7 10. Re1 Qc7 11. e4 Rd8 12. e5 Nfd5 13. Bc2 Nb4 14. Qd3 Nxd3 0-1

[Event "COL-ch sf"]
[Site "Medellin"]
[Date "2020.11.14"]
[Round "4"]
[White "Munoz Monroy, Cinthya Carolina"]
[Black "Suaza Builes, Oscar A"]
[Result "1-0"]
[WhiteElo "2007"]
[BlackElo "1426"]
[PlyCount "61"]
[EventDate "2020.11.12"]
[EventType "swiss"]
[EventRounds "8"]
[EventCountry "COL"]
[SourceTitle "CBM 199 Extra"]
[Source "ChessBase"]
[SourceDate "2021.01.31"]
[SourceVersion "1"]
[SourceVersionDate "2021.01.31"]
[SourceQuality "1"]

1. e4 d5 2. exd5 Qxd5 3. Nc3 Qd8 4. d4 Nf6 5. Nf3 Bg4 6. h3 Bh5 7. Bf4 c6 8. g4 Bg6 9. Qd2 e6 10. a3 h6 11. 0-0-0 Bd6 12. Ne5 Ne4 13. Nxe4 Bxe4 14. Rg1 Nd7 15. Nxf7 Bxf4 16. Qxf4 0-0 17. Qxe4 Rxf7 18. Qxe6 Qg5+ 19. Kb1 Nb6 20. Bd3 Raf8 21. Bg6 Nd5 22. h4 Qxh4 23. Rh1 Qg5 24. Rh5 Qf4 25. Rf5 Qc7 26. Bxf7+ Rxf7 27. Qe8+ Kh7 28. Rxf7 Qb6 29. Rf8 Nc3+ 30. Ka1 Nxd1 31. Rh8# 1-0

[Event "Antioquia op"]
[Site "Antioquia"]
[Date "2020.03.04"]
[Round "2"]
[White "Pereira Vera, Henry Alberto"]
[Black "Suaza Builes, Oscar A"]
[Result "1-0"]
[WhiteElo "1879"]
[BlackElo "1463"]
[PlyCount "22"]
[EventDate "2020.03.03"]
[EventType "swiss"]
[EventRounds "9"]
[EventCountry "COL"]
[SourceTitle "CBM 195 Extra"]
[Source "ChessBase"]
[SourceDate "2020.05.31"]
[SourceVersion "1"]
[SourceVersionDate "2020.05.31"]
[SourceQuality "1"]

1. b3 d5 2. Bb2 Bf5 3. Nf3 e6 4. e3 Nf6 5. c4 c6 6. d3 Nbd7 7. a3 Be7 8. Be2 Qc7 9. Nc3 a6 10. Rc1 h6 11. 0-0 Ng4 1-0